000
00337nam a2200145Ia 4500
008
150201s2013 xx 000 0 und d
082
_a
610.7
_b
A13S
100
_a
SONI, SAMTA
245
_a
TB. OF ADVANCE NURSING PRACTICE
250
_a
1ST
260
_b
JAYPEE
_a
DELHI
_c
2013
300
_a
656
650
_a
NURSING
942
_2
ddc
_c
BK
_0
7
999
_c
2363
_d
2363